[Event "36. Copenhagen Open (Politiken Cup)"]
[Site "Elsinore"]
[Date "2014.07.21"]
[Round "1"]
[White "Thaler, Toni"]
[Black "Yilmaz, Kazim"]
[Result "1-0"]
[WhiteElo "2081"]
[BlackElo "1637"]
[PlyCount "111"]
[EventDate "2014.07.21"]
[EventType "swiss"]
[EventRounds "10"]
[EventCountry "DEN"]
[Source "ChessBase"]
[SourceDate "2014.08.29"]

1. d4 Nf6 2. c4 e6 3. Nf3 Bb4+ 4. Bd2 Qe7 5. g3 Ne4 6. Bg2 Nxd2 7. Nbxd2 Nc6 8.
O-O Bxd2 9. Qxd2 O-O 10. e4 d6 11. e5 dxe5 12. dxe5 Rd8 13. Qe3 Bd7 14. a3 a5
15. b3 Be8 16. Rfc1 Rd7 17. c5 Rad8 18. Bf1 Nd4 19. Ne1 Nf5 20. Qc3 f6 21. Qxa5
fxe5 22. Qc3 Qf6 23. c6 bxc6 24. Nf3 Nd4 25. Nxd4 exd4 26. Qd2 Qh6 27. Qxh6
gxh6 28. Bc4 Bf7 29. Ra2 e5 30. Bxf7+ Kxf7 31. Rxc6 e4 32. Rxh6 d3 33. Rd2 Kf8
34. Re6 Re7 35. Rc6 Rd6 36. Rxd6 cxd6 37. Kf1 Rc7 38. f3 d5 39. fxe4 dxe4 40.
Kf2 Rc3 41. Ke3 Rxb3 42. Kxe4 Rxa3 43. Rxd3 Rxd3 44. Kxd3 Kf7 45. Ke4 Kf6 46.
Kf4 Kg6 47. Kg4 Kh6 48. Kf5 Kg7 49. Kg5 Kf7 50. Kh6 Kg8 51. g4 Kh8 52. g5 Kg8
53. h3 Kh8 54. h4 Kg8 55. h5 Kh8 56. g6 1-0

[Event "36. Copenhagen Open (Politiken Cup)"]
[Site "Elsinore"]
[Date "2014.07.21"]
[Round "1"]
[White "Thomsen, Kim"]
[Black "Hillarp Persson, Tiger"]
[Result "0-1"]
[WhiteElo "1994"]
[BlackElo "2564"]
[PlyCount "102"]
[EventDate "2014.07.21"]
[EventType "swiss"]
[EventRounds "10"]
[EventCountry "DEN"]
[Source "ChessBase"]
[SourceDate "2014.08.29"]

1. d4 f5 2. c4 e6 3. Nc3 Nf6 4. Nf3 Bb4 5. Qc2 d6 6. Bg5 O-O 7. g3 h6 8. Bd2 c5
9. a3 Ba5 10. dxc5 dxc5 11. Ne5 Qc7 12. Ng6 Re8 13. Bg2 a6 14. O-O Nc6 15. e3
Bd7 16. Rad1 Rab8 17. Bc1 b5 18. cxb5 axb5 19. Ne2 Kf7 20. Ngf4 g5 21. Nd3 c4
22. Nc5 Bc8 23. b4 cxb3 24. Nxb3 Ne5 25. Qxc7+ Bxc7 26. Ned4 g4 27. Bd2 Bb7 28.
Rc1 Bb6 29. Bxb7 Rxb7 30. Nxb5 Nf3+ 31. Kg2 Ne4 32. Bb4 Bxe3 33. fxe3 Rxb5 34.
Rc7+ Kg6 35. Nd4 Nxd4 36. exd4 Rd5 37. Rc4 Red8 38. Bc5 Nd2 39. Rfc1 Nxc4 40.
Rxc4 e5 41. Bb6 R8d6 42. Bc7 Rxd4 43. Rxd4 Rxd4 44. Bxe5 Rd2+ 45. Kg1 Ra2 46.
Bd6 Kf6 47. Kh1 Ke6 48. Bb4 Kd5 49. Kg1 Ke4 50. Be1 Kf3 51. Kf1 Rxh2 0-1

[Event "36. Copenhagen Open (Politiken Cup)"]
[Site "Elsinore"]
[Date "2014.07.21"]
[Round "1"]
[White "Thuesen, Mogens Henrik"]
[Black "Madison, Sigurd"]
[Result "1-0"]
[WhiteElo "2196"]
[BlackElo "1792"]
[PlyCount "69"]
[EventDate "2014.07.21"]
[EventType "swiss"]
[EventRounds "10"]
[EventCountry "DEN"]
[Source "ChessBase"]
[SourceDate "2014.08.29"]

1. d4 d5 2. c4 e6 3. Nc3 Nf6 4. cxd5 exd5 5. Bg5 Be7 6. Qc2 O-O 7. e3 Nbd7 8.
Bd3 c6 9. Nge2 h6 10. Bh4 Re8 11. O-O Ne4 12. Bxe7 Qxe7 13. Nd1 Ndf6 14. f3 Nd6
15. Ng3 g6 16. Re1 Kg7 17. Nf2 Bd7 18. e4 dxe4 19. fxe4 Ng4 20. e5 Nc8 21. e6
Nf6 22. exd7 Qxe1+ 23. Rxe1 Rxe1+ 24. Bf1 Nb6 25. Nd3 Re7 26. Qc5 Rxd7 27. Ne5
Rd5 28. Qe7 Rf8 29. Bd3 Nc8 30. Qxb7 Nd6 31. Qxa7 Nb5 32. Bxb5 cxb5 33. Ne2 h5
34. Nf4 Rfd8 35. Ne6+ 1-0

[Event "36. Copenhagen Open (Politiken Cup)"]
[Site "Elsinore"]
[Date "2014.07.21"]
[Round "1"]
[White "Thybo, Jesper Sondergaard"]
[Black "Tallaksen, Henrik G"]
[Result "1-0"]
[WhiteElo "2121"]
[BlackElo "1771"]
[PlyCount "79"]
[EventDate "2014.07.21"]
[EventType "swiss"]
[EventRounds "10"]
[EventCountry "DEN"]
[Source "ChessBase"]
[SourceDate "2014.08.29"]

1. d4 Nf6 2. c4 e6 3. g3 Bb4+ 4. Nd2 O-O 5. Bg2 c5 6. a3 Bxd2+ 7. Qxd2 cxd4 8.
Nf3 Nc6 9. Nxd4 h6 10. O-O d5 11. cxd5 Nxd4 12. Qxd4 Nxd5 13. Rd1 Bd7 14. b3
Bc6 15. Bb2 f6 16. Qc5 Qb6 17. Qxb6 axb6 18. Bh3 Nc7 19. Rd6 f5 20. Be5 Rac8
21. Rc1 Rfe8 22. g4 g6 23. Bg2 Nb5 24. Rd3 Bxg2 25. Rxc8 Rxc8 26. Kxg2 Rc5 27.
f4 Rd5 28. Rh3 Kh7 29. gxf5 exf5 30. a4 Na7 31. Re3 Nc6 32. Bc3 Rd8 33. b4 Kg8
34. Re6 Nd4 35. Bxd4 Rxd4 36. Rxg6+ Kf7 37. Rxb6 Rxf4 38. Rxb7+ Ke6 39. a5 Re4
40. Kf3 1-0

[Event "36. Copenhagen Open (Politiken Cup)"]
[Site "Elsinore"]
[Date "2014.07.21"]
[Round "1"]
[White "Tleptsok, Ruslan"]
[Black "Svane, Frederik"]
[Result "1-0"]
[WhiteElo "2212"]
[BlackElo "1824"]
[PlyCount "57"]
[EventDate "2014.07.21"]
[EventType "swiss"]
[EventRounds "10"]
[EventCountry "DEN"]
[Source "ChessBase"]
[SourceDate "2014.08.29"]

1. d4 Nf6 2. e3 d5 3. Bd3 e6 4. Nd2 Be7 5. f4 c5 6. c3 a6 7. Ngf3 b5 8. Ne5 Qb6
9. O-O Bb7 10. Qf3 b4 11. Rb1 Nbd7 12. a3 Rc8 13. Qh3 Qc7 14. Ndf3 Ne4 15. f5
Nxe5 16. Nxe5 Ng5 17. Qh5 O-O 18. axb4 cxb4 19. f6 Bxf6 20. Rxf6 gxf6 21. Ng4
Qd8 22. Qh6 f5 23. Nf6+ Kh8 24. h4 Rg8 25. hxg5 Rg7 26. Bd2 bxc3 27. bxc3 Qa5
28. Kf2 Qa2 29. Ke2 1-0

[Event "36. Copenhagen Open (Politiken Cup)"]
[Site "Elsinore"]
[Date "2014.07.21"]
[Round "1"]
[White "Tolba, Henri"]
[Black "Lofgren, Claes"]
[Result "0-1"]
[WhiteElo "1675"]
[BlackElo "2109"]
[PlyCount "122"]
[EventDate "2014.07.21"]
[EventType "swiss"]
[EventRounds "10"]
[EventCountry "DEN"]
[Source "ChessBase"]
[SourceDate "2014.08.29"]

1. d4 Nf6 2. c4 e6 3. Nc3 Bb4 4. Qc2 c5 5. e3 O-O 6. Nf3 b6 7. a3 Bxc3+ 8. bxc3
Bb7 9. Bd3 d5 10. O-O Nbd7 11. cxd5 exd5 12. Re1 Qc7 13. Qe2 Rac8 14. a4 Rfe8
15. Nd2 Ne4 16. Nxe4 dxe4 17. Bb5 Re6 18. Bxd7 Qxd7 19. Rd1 Rh6 20. dxc5 Qe7
21. g3 Qxc5 22. Qd2 Re8 23. Ba3 Qh5 24. h4 g5 25. Qd7 Bc6 26. Qf5 gxh4 27. Qxh5
Rxh5 28. Rd6 Bxa4 29. Bb4 Bb3 30. Rxa7 b5 31. gxh4 Bc4 32. Kg2 Rxh4 33. Bc5 Be2
34. Rf6 Bf3+ 35. Kg3 Rg4+ 36. Kh3 Rg7 37. Bd4 h5 38. Rxf3 exf3 39. Bxg7 Kxg7
40. Rb7 Re5 41. Kg3 Rf5 42. e4 Rc5 43. Kf4 Kg6 44. Rb6+ f6 45. Rb8 Kf7 46. Rb7+
Kg6 47. Rb6 Rg5 48. Kxf3 h4 49. Ra6 h3 50. Ra1 Rc5 51. Kg3 Rxc3+ 52. Kh2 b4 53.
Rb1 b3 54. Rg1+ Kf7 55. Ra1 Ke6 56. Ra6+ Ke5 57. f4+ Kxf4 58. Rxf6+ Kxe4 59.
Rb6 Kd4 60. Rb4+ Kd3 61. Kxh3 Kc2+ 0-1

[Event "36. Copenhagen Open (Politiken Cup)"]
[Site "Elsinore"]
[Date "2014.07.21"]
[Round "1"]
[White "Ulberth, Nicolas"]
[Black "Eriksson, Christian Altenburg"]
[Result "0-1"]
[WhiteElo "1809"]
[BlackElo "2153"]
[PlyCount "60"]
[EventDate "2014.07.21"]
[EventType "swiss"]
[EventRounds "10"]
[EventCountry "DEN"]
[Source "ChessBase"]
[SourceDate "2014.08.29"]

1. d4 d5 2. Nf3 Nf6 3. g3 c6 4. Bg2 Bf5 5. O-O h6 6. c4 e6 7. Nc3 Nbd7 8. cxd5
exd5 9. Bf4 Be7 10. a3 O-O 11. b4 Ne4 12. Nxe4 Bxe4 13. Nd2 Bxg2 14. Kxg2 a5
15. b5 cxb5 16. Qb3 Qb6 17. Qxd5 Nf6 18. Qb3 Qxd4 19. Qxb5 Nd5 20. Nf3 Nxf4+
21. gxf4 Qxf4 22. Qxb7 Bf6 23. Rab1 Rab8 24. Qc6 a4 25. e3 Qg4+ 26. Kh1 Rb3 27.
Rxb3 axb3 28. Rg1 Qf5 29. Nd2 b2 30. Ne4 Qf3+ 0-1

[Event "36. Copenhagen Open (Politiken Cup)"]
[Site "Elsinore"]
[Date "2014.07.21"]
[Round "1"]
[White "Veng, Johny"]
[Black "Lindblom, Roar"]
[Result "1-0"]
[WhiteElo "2244"]
[BlackElo "1865"]
[PlyCount "59"]
[EventDate "2014.07.21"]
[EventType "swiss"]
[EventRounds "10"]
[EventCountry "DEN"]
[Source "ChessBase"]
[SourceDate "2014.08.29"]

1. d4 d5 2. c4 c6 3. Nf3 Nf6 4. e3 g6 5. Nc3 Bg7 6. Be2 O-O 7. O-O Ne4 8. Qb3
Nxc3 9. bxc3 e6 10. a4 Nd7 11. Rd1 Qc7 12. a5 Rb8 13. cxd5 exd5 14. Ba3 Re8 15.
c4 Nf6 16. Rdc1 Be6 17. Ng5 h6 18. Nxe6 fxe6 19. Qc2 Qf7 20. Bd3 Kh7 21. Bd6
Rbd8 22. c5 Nd7 23. a6 b6 24. cxb6 Nxb6 25. Qxc6 Bf8 26. Bg3 Rc8 27. Qb7 Re7
28. Rxc8 Rxb7 29. axb7 Qxb7 30. Rc7+ 1-0

[Event "36. Copenhagen Open (Politiken Cup)"]
[Site "Elsinore"]
[Date "2014.07.21"]
[Round "1"]
[White "Weeks, Manuel William"]
[Black "Arbeus, Carl Johan"]
[Result "1-0"]
[WhiteElo "2206"]
[BlackElo "1819"]
[PlyCount "57"]
[EventDate "2014.07.21"]
[EventType "swiss"]
[EventRounds "10"]
[EventCountry "DEN"]
[Source "ChessBase"]
[SourceDate "2014.08.29"]

1. e4 e6 2. d4 d5 3. Nd2 dxe4 4. Nxe4 Nf6 5. Nxf6+ Qxf6 6. Nf3 Qd8 7. Bd3 Be7
8. Qe2 Nd7 9. Bd2 Nf6 10. O-O-O c6 11. Kb1 Bd7 12. Ne5 O-O 13. g4 g6 14. h4 b5
15. h5 Nd5 16. f4 Bf6 17. hxg6 fxg6 18. g5 Bxe5 19. Qxe5 Qc7 20. Bxg6 Qxe5 21.
Bxh7+ Kg7 22. fxe5 Rf2 23. Bd3 Rh8 24. Rxh8 Kxh8 25. Rh1+ Kg8 26. Bc1 Nf4 27.
Be4 Be8 28. Be3 Re2 29. Bh7+ 1-0

[Event "36. Copenhagen Open (Politiken Cup)"]
[Site "Elsinore"]
[Date "2014.07.21"]
[Round "1"]
[White "Westerlund, Ola"]
[Black "Gajic, Mladen"]
[Result "0-1"]
[WhiteElo "1817"]
[BlackElo "2201"]
[PlyCount "80"]
[EventDate "2014.07.21"]
[EventType "swiss"]
[EventRounds "10"]
[EventCountry "DEN"]
[Source "ChessBase"]
[SourceDate "2014.08.29"]

1. d4 Nf6 2. c4 c5 3. d5 e6 4. Nc3 exd5 5. cxd5 d6 6. g3 g6 7. Bg2 Bg7 8. Nf3
O-O 9. O-O Re8 10. Nd2 a6 11. a4 Nbd7 12. Nc4 Nb6 13. Na3 Qc7 14. a5 Nbd7 15.
Nc4 b5 16. axb6 Nxb6 17. Na5 Bd7 18. Re1 Ng4 19. Nc6 Bxc6 20. dxc6 Bd4 21. e3
Bxc3 22. bxc3 Ne5 23. Qe2 c4 24. Ba3 Nd3 25. Reb1 d5 26. Rxb6 Qxb6 27. Bxd5
Red8 28. Bxc4 Ne5 29. Be7 Qxc6 30. Bxd8 Rxd8 31. Rxa6 Qxc4 32. Qxc4 Nxc4 33. h4
h5 34. Kg2 Rd3 35. Kh3 Rxc3 36. g4 Nxe3 37. gxh5 Nd5+ 38. Kh2 gxh5 39. Ra5 Nf4
40. Rg5+ Kf8 0-1

[Event "36. Copenhagen Open (Politiken Cup)"]
[Site "Elsinore"]
[Date "2014.07.21"]
[Round "1"]
[White "Wilen, Eero"]
[Black "Sorensen, Bernhard W"]
[Result "1-0"]
[WhiteElo "2087"]
[BlackElo "1628"]
[PlyCount "101"]
[EventDate "2014.07.21"]
[EventType "swiss"]
[EventRounds "10"]
[EventCountry "DEN"]
[Source "ChessBase"]
[SourceDate "2014.08.29"]

1. d4 e6 2. c4 f5 3. g3 c6 4. Bg2 Nf6 5. Nh3 d5 6. b3 Bd6 7. Bf4 O-O 8. O-O
Bxf4 9. Nxf4 Ne4 10. e3 b6 11. Nd2 Qe8 12. Nf3 Nd7 13. Nd3 Ba6 14. Nfe5 Nxe5
15. Nxe5 Rc8 16. Rc1 c5 17. Qd3 Nd6 18. Rfd1 Qe7 19. Qd2 Ne4 20. Qb2 Rfd8 21.
Bf1 cxd4 22. Rxd4 dxc4 23. Bxc4 Bxc4 24. Rcxc4 Rxc4 25. Nxc4 Rxd4 26. Qxd4 Qb4
27. Qd8+ Qf8 28. Qd7 Qf7 29. Qc8+ Qf8 30. Qxe6+ Qf7 31. Qc8+ Qf8 32. Qe6+ Qf7
33. Qc8+ Qf8 34. Qb7 Qf7 35. Qa8+ Qf8 36. Qxa7 Qd8 37. Qxb6 Qxb6 38. Nxb6 Kf7
39. Nd5 Ke6 40. Nf4+ Kd6 41. Ne2 Kc5 42. Nd4 g6 43. Kg2 Nc3 44. a4 Kb4 45. Kf3
Ne4 46. h4 h6 47. g4 g5 48. gxf5 Nd2+ 49. Kg4 Ne4 50. hxg5 Nxg5 51. Kh5 1-0

[Event "36. Copenhagen Open (Politiken Cup)"]
[Site "Elsinore"]
[Date "2014.07.22"]
[Round "2"]
[White "Aabling Thomsen, Jakob"]
[Black "Carnstam, Tomas"]
[Result "1-0"]
[WhiteElo "2333"]
[BlackElo "2097"]
[PlyCount "93"]
[EventDate "2014.07.21"]
[EventType "swiss"]
[EventRounds "10"]
[EventCountry "DEN"]
[Source "ChessBase"]
[SourceDate "2014.08.29"]

1. e4 c5 2. Nf3 Nc6 3. Nc3 e5 4. Bc4 d6 5. d3 Be7 6. a3 Nf6 7. Nd2 O-O 8. Nf1
Nd4 9. Ne3 b5 10. Bxb5 Nxb5 11. Nxb5 d5 12. exd5 Nxd5 13. Nxd5 Qxd5 14. O-O Bb7
15. Qg4 f5 16. Qc4 Qxc4 17. dxc4 Rfd8 18. b3 a6 19. Nc3 Bf6 20. Bb2 Rd2 21.
Rac1 e4 22. Nb1 Bxb2 23. Nxd2 Bxc1 24. Rxc1 Rd8 25. Nb1 f4 26. Kf1 g5 27. Re1
Rd4 28. Ke2 Kf7 29. g3 Ke6 30. Rg1 e3 31. gxf4 exf2 32. Kxf2 Rxf4+ 33. Ke3 h6
34. Re1 Kf5 35. Nc3 Rf3+ 36. Kd2 Rh3 37. Re2 h5 38. Na4 g4 39. Nxc5 Bf3 40. Rf2
Ke5 41. Nd3+ Ke4 42. c5 h4 43. c6 g3 44. c7 gxh2 45. c8=Q h1=Q 46. Qe6+ Kd4 47.
c3# 1-0

[Event "36. Copenhagen Open (Politiken Cup)"]
[Site "Elsinore"]
[Date "2014.07.22"]
[Round "2"]
[White "Akdag, Dara Sevkan"]
[Black "Brouwer, Rein"]
[Result "1/2-1/2"]
[WhiteElo "2236"]
[BlackElo "2035"]
[PlyCount "110"]
[EventDate "2014.07.21"]
[EventType "swiss"]
[EventRounds "10"]
[EventCountry "DEN"]
[Source "ChessBase"]
[SourceDate "2014.08.29"]

1. d4 Nf6 2. c4 c5 3. d5 b5 4. cxb5 a6 5. bxa6 g6 6. Nc3 Bxa6 7. Nf3 d6 8. g3
Bg7 9. e4 Bxf1 10. Kxf1 O-O 11. Kg2 Nbd7 12. Qe2 Qa5 13. Rb1 Rfb8 14. Re1 Ng4
15. Bg5 Kf8 16. Nd2 Ngf6 17. Nc4 Qa6 18. f4 Nb6 19. Nxb6 Qxe2+ 20. Rxe2 Rxb6
21. Bxf6 Bxf6 22. e5 Bg7 23. b3 Rb4 24. Rd1 Rd8 25. Kf3 g5 26. Ne4 gxf4 27.
gxf4 dxe5 28. fxe5 Bxe5 29. Nxc5 Rd4 30. Red2 Rf4+ 31. Kg2 Rh4 32. h3 Rd6 33.
Rd3 Rg6+ 34. Kf2 Rf4+ 35. Rf3 Rxf3+ 36. Kxf3 Rg3+ 37. Kf2 Bd6 38. Ne4 Rxh3 39.
Nxd6 exd6 40. Kg2 Rc3 41. Rd2 Ke7 42. b4 Ra3 43. Kf1 Ra4 44. Rb2 Kd7 45. Ke1 h5
46. Kf2 Ra8 47. Kg2 Kc7 48. Rf2 Kb6 49. Rf6 Rxa2+ 50. Kg3 Rd2 51. Rxd6+ Kc7 52.
Rc6+ Kd7 53. Rf6 Rxd5 54. Rxf7+ Kc6 55. Kh4 Rd4+ 1/2-1/2

[Event "36. Copenhagen Open (Politiken Cup)"]
[Site "Elsinore"]
[Date "2014.07.22"]
[Round "2"]
[White "Akkanen, Timo"]
[Black "Thomsen, Kim"]
[Result "0-1"]
[WhiteElo "1771"]
[BlackElo "1994"]
[PlyCount "84"]
[EventDate "2014.07.21"]
[EventType "swiss"]
[EventRounds "10"]
[EventCountry "DEN"]
[Source "ChessBase"]
[SourceDate "2014.08.29"]

1. Nf3 Nf6 2. b3 e6 3. Bb2 b6 4. d3 d5 5. Nbd2 Bb7 6. g3 c5 7. e3 Nc6 8. Bg2
Qc7 9. O-O Rd8 10. d4 Be7 11. a3 O-O 12. Rc1 Ne8 13. c4 Bf6 14. cxd5 exd5 15.
Qc2 cxd4 16. exd4 Qb8 17. Rfe1 Rc8 18. Qd3 Nc7 19. Ne5 Nxe5 20. dxe5 Be7 21.
Bh3 Ne6 22. b4 Rxc1 23. Rxc1 Rd8 24. Bf5 g6 25. Bg4 a5 26. Bc3 d4 27. Bxe6 dxc3
28. Bxf7+ Kxf7 29. Qxc3 axb4 30. axb4 Ba8 31. Qc4+ Kg7 32. Qf4 Qb7 33. f3 Rf8
34. Qd4 Rd8 35. Qf4 Qd5 36. Ne4 Qd4+ 37. Kg2 Bxe4 38. fxe4 Rf8 39. Rc7 Rxf4 40.
gxf4 Qxe4+ 41. Kg3 Qe3+ 42. Kg2 Kf8 0-1

[Event "36. Copenhagen Open (Politiken Cup)"]
[Site "Elsinore"]
[Date "2014.07.22"]
[Round "2"]
[White "Bach, Matthias"]
[Black "Skovgaard, Ib"]
[Result "0-1"]
[WhiteElo "2224"]
[BlackElo "2019"]
[PlyCount "98"]
[EventDate "2014.07.21"]
[EventType "swiss"]
[EventRounds "10"]
[EventCountry "DEN"]
[Source "ChessBase"]
[SourceDate "2014.08.29"]

1. c4 c6 2. g3 d5 3. Bg2 dxc4 4. Nf3 Nd7 5. Na3 e5 6. Nxc4 e4 7. Ng1 Ngf6 8.
Qc2 Nc5 9. b4 Ne6 10. Bb2 Bxb4 11. Bxe4 Nxe4 12. Qxe4 O-O 13. Nf3 Nc5 14. Qb1
Qd5 15. Ne3 Bxd2+ 16. Kf1 Bxe3 17. fxe3 Bh3+ 18. Kg1 Ne4 19. Qc2 Rad8 20. Rc1
Rfe8 21. Qa4 c5 22. Qb3 c4 23. Qb4 a5 24. Qe1 g5 25. Bd4 f6 26. a4 g4 27. Nh4
Qg5 28. Ng2 Rxd4 29. exd4 Nd2 30. Nf4 Nf3+ 31. exf3 Rxe1+ 32. Rxe1 gxf3 33. Kf2
Bd7 34. Re7 Qf5 35. Rhe1 Qc2+ 36. Kxf3 Qc3+ 37. R7e3 Qxd4 38. h3 Bc6+ 39. Kf2
c3 40. Rc1 Qd2+ 41. Ne2 c2 42. Re7 Qd6 43. Re3 Qc5 44. Nf4 Bxa4 45. Ke2 b5 46.
Nd3 Qc4 47. Ra1 b4 48. Rc1 b3 49. Kd2 b2 0-1

[Event "36. Copenhagen Open (Politiken Cup)"]
[Site "Elsinore"]
[Date "2014.07.22"]
[Round "2"]
[White "Biasi, Grace"]
[Black "Jensen, Soren"]
[Result "0-1"]
[WhiteElo "1668"]
[BlackElo "1922"]
[PlyCount "54"]
[EventDate "2014.07.21"]
[EventType "swiss"]
[EventRounds "10"]
[EventCountry "DEN"]
[Source "ChessBase"]
[SourceDate "2014.08.29"]

1. e4 Nc6 2. d4 e5 3. Nf3 exd4 4. Nxd4 Qf6 5. c3 Nge7 6. Bc4 Ne5 7. Bb3 N7g6 8.
O-O Bc5 9. Nd2 O-O 10. N2f3 Nxf3+ 11. Nxf3 Ne5 12. Bg5 Nxf3+ 13. Qxf3 Qxg5 14.
Rad1 d6 15. Rd5 Qg6 16. Bc2 Be6 17. Rd2 Qg5 18. Re2 Bc4 19. Bd3 Bxd3 20. Qxd3
Rae8 21. Kh1 d5 22. f4 dxe4 23. Qb5 Qg4 24. b4 c6 25. h3 Qh5 26. g4 Qxh3+ 27.
Rh2 Qxh2+ 0-1

[Event "36. Copenhagen Open (Politiken Cup)"]
[Site "Elsinore"]
[Date "2014.07.22"]
[Round "2"]
[White "Bjornsson, Eirikur K"]
[Black "Hedlerfog, Robert"]
[Result "1-0"]
[WhiteElo "1939"]
[BlackElo "1678"]
[PlyCount "69"]
[EventDate "2014.07.21"]
[EventType "swiss"]
[EventRounds "10"]
[EventCountry "DEN"]
[Source "ChessBase"]
[SourceDate "2014.08.29"]

1. d4 c6 2. c4 Qc7 3. Nc3 d6 4. e4 e5 5. Nf3 Bg4 6. Be2 Be7 7. O-O Nd7 8. Be3
Ngf6 9. Rc1 O-O 10. h3 Bh5 11. Qc2 h6 12. Rfd1 g5 13. Nh2 Bg6 14. Nf1 Nh5 15.
Bxh5 Bxh5 16. g4 Bg6 17. Ng3 f6 18. d5 Rf7 19. b4 Rh7 20. Qe2 Kf7 21. c5 a6 22.
dxc6 bxc6 23. cxd6 Bxd6 24. Qd3 Ke6 25. Nf5 Bxf5 26. gxf5+ Kf7 27. Qxd6 Qxd6
28. Rxd6 Nb8 29. Rd8 Rg7 30. Bb6 Rg8 31. Rcd1 Rxd8 32. Rxd8 Ke7 33. Rh8 Nd7 34.
Rxa8 Nxb6 35. Rxa6 1-0

[Event "36. Copenhagen Open (Politiken Cup)"]
[Site "Elsinore"]
[Date "2014.07.22"]
[Round "2"]
[White "Bremer, Erik"]
[Black "Andersen, Dag"]
[Result "0-1"]
[WhiteElo "1498"]
[BlackElo "1862"]
[PlyCount "82"]
[EventDate "2014.07.21"]
[EventType "swiss"]
[EventRounds "10"]
[EventCountry "DEN"]
[Source "ChessBase"]
[SourceDate "2014.08.29"]

1. e4 e5 2. Nf3 Nc6 3. Bc4 Bc5 4. O-O Nf6 5. d3 a6 6. c3 d6 7. h3 h6 8. Be3
Bxe3 9. fxe3 Na5 10. Bb3 Nxb3 11. Qxb3 Rb8 12. Qc2 Qe7 13. Nbd2 O-O 14. Rae1 b5
15. a3 Bb7 16. Nh4 g6 17. Nhf3 Rbd8 18. d4 Nd7 19. Re2 Kg7 20. Ref2 c5 21. Nh2
Rde8 22. d5 c4 23. Ndf3 Bc8 24. Qe2 Nc5 25. Nd2 Nd3 26. Rf3 Nxb2 27. Rg3 Na4
28. Nb1 Nc5 29. Nd2 Bd7 30. Ng4 Bxg4 31. Qxg4 Kh7 32. Nf3 Nd7 33. Nh4 h5 34.
Nxg6 hxg4 35. Nxe7 Rxe7 36. Rxg4 Rg8 37. Rh4+ Kg7 38. Rf5 Kf8 39. Rfh5 f6 40.
Rh8 Reg7 41. Rxg8+ Kxg8 0-1

[Event "36. Copenhagen Open (Politiken Cup)"]
[Site "Elsinore"]
[Date "2014.07.22"]
[Round "2"]
[White "Brondum, Eric"]
[Black "Myhre, Mads Wollan"]
[Result "1-0"]
[WhiteElo "2119"]
[BlackElo "1509"]
[PlyCount "125"]
[EventDate "2014.07.21"]
[EventType "swiss"]
[EventRounds "10"]
[EventCountry "DEN"]
[Source "ChessBase"]
[SourceDate "2014.08.29"]

1. d4 d5 2. Nf3 c6 3. g3 Nf6 4. Bg2 Bf5 5. O-O e6 6. c4 Bd6 7. Nc3 Qc7 8. c5
Be7 9. Bf4 Qd8 10. Nh4 Bg6 11. Nxg6 hxg6 12. e4 dxe4 13. Nxe4 Nxe4 14. Bxe4 Bg5
15. Bd6 Be7 16. Bf4 Bg5 17. Be3 Bxe3 18. fxe3 Qg5 19. Qf3 f5 20. Bc2 Qh6 21.
Rf2 Nd7 22. Qf4 Qxf4 23. exf4 O-O-O 24. Bb3 Rhe8 25. Re2 Nf8 26. Rd1 Nh7 27.
Rxe6 Rxe6 28. Bxe6+ Kc7 29. Bf7 Nf8 30. Kf2 Rd7 31. Bg8 Re7 32. Re1 Rd7 33. Re8
Rxd4 34. Rxf8 Rd2+ 35. Ke3 Rxh2 36. Rf7+ Kb8 37. Rxg7 Rxb2 38. Rxg6 Kc7 39.
Rg7+ Kb8 40. Be6 a5 41. g4 fxg4 42. f5 Rb1 43. Rxg4 Kc7 44. Rg7+ Kb8 45. Rg8+
Ka7 46. Kf4 Rf1+ 47. Ke5 Re1+ 48. Kd6 Rd1+ 49. Ke7 b6 50. f6 bxc5 51. f7 Rf1
52. f8=Q Rxf8 53. Rxf8 Ka6 54. Bc4+ Kb6 55. Kd7 a4 56. Ra8 a3 57. Rxa3 Kb7 58.
Kd6 Kb6 59. Rb3+ Ka5 60. Kxc5 Ka4 61. Rb6 Ka3 62. Be6 Ka4 63. Ra6# 1-0

[Event "36. Copenhagen Open (Politiken Cup)"]
[Site "Elsinore"]
[Date "2014.07.22"]
[Round "2"]
[White "Buchal, Stephan"]
[Black "Boukhris, Yacine"]
[Result "1-0"]
[WhiteElo "2295"]
[BlackElo "2073"]
[PlyCount "99"]
[EventDate "2014.07.21"]
[EventType "swiss"]
[EventRounds "10"]
[EventCountry "DEN"]
[Source "ChessBase"]
[SourceDate "2014.08.29"]

1. c4 Nf6 2. g3 g6 3. Bg2 Bg7 4. Nc3 O-O 5. e4 d6 6. Nge2 e5 7. O-O Nc6 8. d3
Nh5 9. Be3 f5 10. Qd2 Be6 11. exf5 Bxf5 12. h3 Be6 13. g4 Nf4 14. Nxf4 exf4 15.
Bxf4 Nd4 16. Bg5 Qd7 17. f4 h6 18. Bh4 h5 19. Rae1 Rae8 20. Be4 Bxg4 21. hxg4
Qxg4+ 22. Qg2 Qxh4 23. Qxg6 Nf3+ 24. Rxf3 Qxe1+ 25. Kg2 Rxe4 26. Nxe4 Qe2+ 27.
Rf2 Qg4+ 28. Qxg4 hxg4 29. Kg3 Bd4 30. Re2 Rf5 31. Kxg4 Ra5 32. b3 b5 33. Ng5
bxc4 34. dxc4 Bf6 35. Ne4 Bd4 36. Ng5 Bf6 37. Ne4 Bd4 38. Rd2 Be3 39. Rd3 Bc1
40. a4 Kf7 41. Rd5 Ra6 42. Rh5 Kg7 43. Ng5 Rb6 44. Rh7+ Kg8 45. Rxc7 Rxb3 46.
Ne4 Rd3 47. Rxa7 Rd4 48. Kf5 Rxc4 49. Nf6+ Kf8 50. Ke6 1-0

[Event "36. Copenhagen Open (Politiken Cup)"]
[Site "Elsinore"]
[Date "2014.07.22"]
[Round "2"]
[White "Christensen, Casper"]
[Black "Nielsen, Jens Holm"]
[Result "1-0"]
[WhiteElo "2004"]
[BlackElo "1802"]
[PlyCount "103"]
[EventDate "2014.07.21"]
[EventType "swiss"]
[EventRounds "10"]
[EventCountry "DEN"]
[Source "ChessBase"]
[SourceDate "2014.08.29"]

1. e4 Nc6 2. Nf3 d6 3. d4 Bg4 4. Bb5 a6 5. Ba4 b5 6. Bb3 e6 7. h3 Bxf3 8. gxf3
Na5 9. c3 Nxb3 10. axb3 Be7 11. Be3 Nf6 12. Nd2 c6 13. Qe2 Nd7 14. Kd1 O-O 15.
f4 f5 16. f3 Nf6 17. h4 Nh5 18. Qh2 d5 19. e5 Kf7 20. Kc2 Ke8 21. b4 a5 22.
bxa5 Rxa5 23. Nb3 Ra4 24. Nd2 Kf7 25. b3 Ra8 26. Kb2 Qb6 27. Qf2 Rfb8 28. Rhc1
Qb7 29. Qg1 g6 30. Qe1 Rxa1 31. Rxa1 Ra8 32. Rxa8 Qxa8 33. b4 Qd8 34. Qa1 Qc7
35. Qa8 Kg7 36. Nb3 Kh6 37. Na5 Bxh4 38. Qa6 Bg3 39. Nxc6 Bxf4 40. Bxf4+ Nxf4
41. Qxb5 g5 42. Na5 Kg6 43. Qa6 h5 44. b5 Nd3+ 45. Kb3 Nc1+ 46. Kc2 Ne2 47.
Qxe6+ Kg7 48. Qf6+ Kg8 49. Qxg5+ Kf8 50. Qxf5+ Kg8 51. Qg6+ Kf8 52. Qd6+ 1-0

[Event "36. Copenhagen Open (Politiken Cup)"]
[Site "Elsinore"]
[Date "2014.07.22"]
[Round "2"]
[White "Collareta, Giovanni"]
[Black "Smirnov, Anton"]
[Result "0-1"]
[WhiteElo "2095"]
[BlackElo "2334"]
[PlyCount "98"]
[EventDate "2014.07.21"]
[EventType "swiss"]
[EventRounds "10"]
[EventCountry "DEN"]
[Source "ChessBase"]
[SourceDate "2014.08.29"]

1. c4 e5 2. g3 Nf6 3. Bg2 c6 4. d4 exd4 5. Qxd4 Na6 6. Nc3 Bc5 7. Qe5+ Be7 8.
Nf3 O-O 9. O-O Re8 10. Qf4 Bb4 11. Bd2 Nc5 12. Nd4 d6 13. Rfd1 h6 14. Be1 Bxc3
15. Bxc3 Nce4 16. Be1 Qe7 17. Nf5 Bxf5 18. Qxf5 d5 19. cxd5 Nxd5 20. Bxe4 Qxe4
21. Qxe4 Rxe4 22. e3 Rae8 23. Rac1 f5 24. Bc3 Kh7 25. Bd4 a6 26. h4 g5 27. hxg5
hxg5 28. Rd3 Kg6 29. Kg2 Rf8 30. Kf3 Rf7 31. a3 g4+ 32. Kg2 f4 33. exf4 Rfxf4
34. Rcd1 Rf7 35. Rh1 Rd7 36. Rhd1 Re2 37. Kf1 Re8 38. Re1 Rxe1+ 39. Kxe1 Kf5
40. Be3 Ke4 41. Rb3 Rc7 42. Bb6 Rf7 43. Ke2 Rf3 44. Be3 b5 45. Rd3 c5 46. b3
Nxe3 47. Rxe3+ Rxe3+ 48. fxe3 c4 49. bxc4 bxc4 0-1